00792 2200253 4500001002100000005001500021035002000036007000300056008004100059020002200100082001400122084002000136100001900156245004600175250001100221260003400232300002500266700002100291502014400312600004300456990001300499990001300512990001300525INLIS00000000000781020220222101216 a0010-0222000092ta220222 g 0 ind  a978-623-6631-91-1 a616.858 5 a616.858 5 JOS k0 aJoseph Sandler1 aKAJIAN NARSISISME FREUD /cJoseph Sandler acet. 1 aYogyakarta :bBASABASI,c2020 a356 halaman ;c20 cm0 aPerson, Ethel S. aTeks dalam bahasa Indonesia, diterjemahkan dari bahasa Inggris Judul asli : On narcissism : an introduction Bibliografi : halaman 351-352 4aFreud, Sigmund, d 1856-1939 Narsisisme a022.5509 a022.5508 a022.5507